000 00912nam a2200241Ia 4500
005 20250425162126.0
008 250425s9999 xx 000 0 und d
020 _a968243789X
041 _aspa
082 _a631
100 _aVAN HAEFF, J N
245 0 _aMANUALES PARA EDUCACION AGROPECUARIA. HORTICULTURA V.15
250 _a2A ED.
260 _aMEXICO
260 _aMéxico
_bTRILLAS
_c1990
300 _a112
500 _aEN CIBGZ-FIMCP 50194/195 C.1-2 V.15 PARA ING. AGROP. Y TECN. AGRICOLA.
520 _aLA HORTICULTURA ES LA RAMA DE LA AGRICULTURA QUE TRATA DE CULTIVOS DE HORTALIZAS. LA OLEICULTURA ES LA RAMA DE LA HORTICULTURA QUE TRATA DE LOS CULTIVOS DE HIERBAS DE COCINA, QUE POR LO COMUN SE CONOCEN COMO HORTALIZAS.ESTE LIBRO CONTIENE:CLASIFICACIO
650 _aHORTICULTURA
710 _aDIRECCION GENERAL DE EDUCACION TECNOLOGICA AGROPECUARIA
942 _c01
010 _a51507
999 _c222850
_d222850